[Event "44th Rubinstein Mem Open A"]
[Site "Polanica Zdroj POL"]
[Date "2008.08.22"]
[Round "4"]
[White "Fistek,D"]
[Black "Sieciechowicz,M"]
[Result "1/2-1/2"]
[WhiteElo "2208"]
[BlackElo "2311"]

1.d4 d5 2.c4 c6 3.Nf3 Nf6 4.Nc3 e6 5.e3 Nbd7 6.Qc2 Bd6 7.b3 O-O 8.Be2 Qe7
9.Bb2 b6 10.O-O Bb7 11.Rad1 Rac8 12.e4 dxe4 13.Nxe4 Nxe4 14.Qxe4 Nf6 15.Qh4 c5
16.Bd3 cxd4 17.Nxd4 Ne4 18.Qxe7 Bxe7 19.Rfe1 Nc5 20.Bc2 Bf6 21.Bc3 Rfd8 22.Nb5 Bxc3
23.Nxc3 Kf8 24.f3  1/2-1/2

[Event "23rd Open"]
[Site "Schwarzach AUT"]
[Date "2008.08.22"]
[Round "7"]
[White "Hoffmeister,F GER"]
[Black "Nuber,H"]
[Result "1/2-1/2"]
[WhiteElo "2198"]
[BlackElo "2063"]

1.d4 e6 2.Nf3 Nf6 3.c4 d5 4.Nc3 c6 5.e3 Nbd7 6.Qc2 Bd6 7.Bd3 O-O 8.O-O h6
9.e4 dxe4 10.Nxe4 Nxe4 11.Bxe4 e5 12.Be3 exd4 13.Bxd4 Nc5 14.Bh7+ Kh8 15.Rad1 Qc7
16.Bf5 Ne6 17.Be3 c5 18.Rd5 b6 19.Rfd1 Bf4 20.Be4 Bb7 21.Bxf4 Qxf4 22.g3 Qf6
23.R5d2 Bxe4 24.Qxe4 Rfd8 25.Kg2 Rxd2 26.Rxd2 Rd8 27.Rd5 Kg8 28.Qe5 Qxe5
29.Nxe5 Kf8 30.Nc6 Rxd5 31.cxd5 Ng5 32.Nxa7 Ne4 33.Kf3 Nd6 34.Nc6 Ke8 35.b3 f6
36.a4 Kd7 37.Ke3 Nf5+ 38.Ke4 Nd6+ 39.Kd3 Nf7 40.f4 g6 41.Na7 Nd6 42.Nc6 Nb7
43.Kc3 Nd6 44.a5 Nb5+ 45.Kc4 Na3+ 46.Kd3 bxa5 47.Nxa5 Kc7 48.Nc4 Nb5 49.g4 Kd7
50.h4 Nc7 51.Ke4 Nb5 52.Ne3 Kd6 53.Nc4+ Kd7 54.d6 Nxd6+ 55.Kd5 Nb5 56.g5 Nc3+
57.Kxc5 hxg5 58.fxg5 fxg5 59.hxg5 Ne4+ 60.Kb6 Nxg5 61.Ne5+ Kc8 62.Ka7 Ne4
63.Nxg6 Nd6 64.b4 Kc7 65.Ne7 Kd7 66.Nd5 Kc6  1/2-1/2

[Event "23rd Open"]
[Site "Schwarzach AUT"]
[Date "2008.08.22"]
[Round "7"]
[White "Braun,P"]
[Black "Tikkanen,H"]
[Result "1/2-1/2"]
[WhiteElo "2232"]
[BlackElo "2417"]

1.d4 d5 2.c4 e6 3.Nc3 c6 4.e3 Nf6 5.Nf3 Nbd7 6.Bd3 dxc4 7.Bxc4 b5 8.Bd3 a6
9.e4 c5 10.d5 c4 11.Bc2 Qc7 12.dxe6 fxe6 13.O-O Bb7 14.Nd4 Nc5 15.Be3 O-O-O
16.Qe2 Bd6 17.f4 Ncxe4 18.Nxe4 Nxe4 19.Nxe6 Qc6 20.Nxd8 Rxd8 21.Rad1 Re8
22.Qg4+ Kb8 23.Rxd6 Nxd6 24.Bd4 g6 25.Be5 Ka8 26.Rd1 Nf5 27.Bxf5 gxf5 28.Qg5 b4
29.Rd8+ Bc8 30.Rxe8 Qxe8 31.Qf6 Qd7 32.Qb6 Qd1+ 33.Kf2 Qd2+ 34.Kg3 Bb7 35.Kh4 Qd1
36.h3 Qd7 37.Qd6 Qxd6 38.Bxd6 Bxg2  1/2-1/2

[Event "X Sants Open"]
[Site "Barcelona ESP"]
[Date "2008.08.23"]
[Round "2"]
[White "Sumets,A"]
[Black "Barbero Senidic,A"]
[Result "1-0"]
[WhiteElo "2534"]
[BlackElo "2244"]

1.d4 d5 2.c4 c6 3.Nc3 Nf6 4.e3 e6 5.Nf3 Nbd7 6.Qc2 Bd6 7.Bd3 a6 8.b3 O-O
9.O-O e5 10.cxd5 cxd5 11.e4 exd4 12.Nxd5 Nxd5 13.exd5 h6 14.Nxd4 Bxh2+ 15.Kxh2 Qh4+
16.Kg1 Qxd4 17.Ba3 Re8 18.Rfe1 Ne5 19.Bb2 Qf4 20.Bxe5 Rxe5 21.Qc7 f6 22.Qd8+ Kf7
23.Rxe5 fxe5 24.d6  1-0

[Event "U16 Olympiad"]
[Site "Mersin TUR"]
[Date "2008.08.23"]
[Round "9"]
[White "Kilpatrick,C"]
[Black "Malikentzos,S"]
[Result "1/2-1/2"]
[WhiteElo "2203"]
[BlackElo "2063"]

1.Nf3 d5 2.d4 Nf6 3.c4 c6 4.Nc3 e6 5.e3 Nbd7 6.Qc2 b6 7.Bd3 Bb7 8.b3 Bd6
9.cxd5 cxd5 10.Nb5 Bb4+ 11.Bd2 Bxd2+ 12.Qxd2 O-O 13.Nd6 Ne4 14.Nxb7 Nxd2
15.Nxd8 Nxf3+ 16.gxf3 Raxd8 17.Kd2 Nb8 18.Rhc1 Rc8 19.a4 a6 20.Bf1 Rfd8 21.b4 Kf8
22.b5 a5 23.Kd3 Ke7 24.e4 dxe4+ 25.fxe4 Nd7  1/2-1/2

[Event "44th Rubinstein Mem Open A"]
[Site "Polanica Zdroj POL"]
[Date "2008.08.23"]
[Round "5"]
[White "Kusina,J"]
[Black "Zysko,J"]
[Result "1/2-1/2"]
[WhiteElo "2147"]
[BlackElo "2148"]

1.d4 d5 2.c4 c6 3.Nf3 Nf6 4.Nc3 e6 5.e3 Nbd7 6.Bd3 dxc4 7.Bxc4 b5 8.Bd3 Bb7
9.e4 b4 10.Ne2 c5 11.Ng3 cxd4 12.Nxd4 Bc5 13.Be3 O-O 14.O-O Ne5 15.Bc2 Nc4
16.Ndf5 Nxe3 17.Nxe3 Bxe3 18.fxe3 Qxd1 19.Raxd1 Rfd8 20.Rd4 a5 21.h3 e5 22.Rdd1 Rac8
23.Bb1 Kf8 24.Kf2  1/2-1/2

[Event "44th Rubinstein Mem Open A"]
[Site "Polanica Zdroj POL"]
[Date "2008.08.23"]
[Round "5"]
[White "Czarnota,P"]
[Black "Warakomska,A"]
[Result "1/2-1/2"]
[WhiteElo "2526"]
[BlackElo "2211"]

1.Nf3 Nf6 2.c4 e6 3.e3 d5 4.Nc3 c6 5.d4 Be7 6.Bd3 Nbd7 7.O-O O-O 8.Qe2 Qc7
9.e4 dxe4 10.Nxe4 c5 11.b3 b6 12.dxc5 Nxc5 13.Nxc5 Qxc5 14.Ne5 Bb7 15.Bb2 Rfd8
16.Rae1 Bf8 17.Kh1 Qe7 18.f4 g6 19.a3 Bg7 20.Bb1 Qc7 21.b4 Rd6 22.Bc3 Nd7
23.Rc1 Nxe5 24.fxe5 Rd7 25.Be4 Bxe4 26.Qxe4 Rad8 27.Qf4 Rd3 28.Qe4 Bh6 29.Rc2 Rd1
30.Kg1 Rxf1+ 31.Kxf1 Qd7 32.Be1 Qd1 33.Qe2 Qa1 34.c5 bxc5 35.bxc5 Qxa3 36.c6 Qe3
37.c7 Qxe2+ 38.Kxe2 Rc8 39.Rb2 Rxc7 40.Rb8+ Kg7 41.Bb4 g5 42.g4 Rc2+ 43.Kf3 Rc7
44.Ba5 Rc5 45.Bb4 Rc7 46.Ba5 Rc5 47.Bb4 Rc7  1/2-1/2

[Event "Amizade Open"]
[Site "Sao Paulo BRA"]
[Date "2008.08.23"]
[Round "1"]
[White "Vescovi,G"]
[Black "Madeu,F"]
[Result "1-0"]
[WhiteElo "2631"]
[BlackElo "2039"]

1.d4 d5 2.c4 c6 3.Nf3 Nf6 4.e3 e6 5.Nc3 Be7 6.Bd3 Nbd7 7.e4 dxe4 8.Nxe4 Nxe4
9.Bxe4 Nf6 10.Bd3 O-O 11.O-O b6 12.Qe2 Qc7 13.Bg5 Bb7 14.Rfe1 Rfd8 15.Rad1 h6
16.Bh4 Rac8 17.Ne5 c5 18.Nxf7 Kxf7 19.Qxe6+ Kf8 20.Bg6 Bd6 21.Bxf6 gxf6 22.Qxf6+ Kg8
23.Bf5 Bf8 24.Bxc8 Qxc8 25.dxc5 Qg4 26.f3 Bxc5+ 27.Kh1 Rxd1 28.Rxd1 Qg7 29.Qxg7+  1-0

[Event "3rd NH"]
[Site "Amsterdam NED"]
[Date "2008.08.24"]
[Round "5"]
[White "Jussupow,Ar"]
[Black "Stellwagen,D"]
[Result "1/2-1/2"]
[WhiteElo "2587"]
[BlackElo "2616"]

1.d4 d5 2.c4 c6 3.Nc3 Nf6 4.e3 e6 5.Nf3 Nbd7 6.Qc2 Bd6 7.Bd3 O-O 8.O-O dxc4
9.Bxc4 a6 10.Rd1 b5 11.Bd3 Qc7 12.Bd2 c5 13.dxc5 Qxc5 14.Ne4 Qxc2 15.Bxc2  1/2-1/2

[Event "8th Open"]
[Site "Velika Gorica CRO"]
[Date "2008.08.24"]
[Round "2"]
[White "Gujic,L"]
[Black "Kozarcanin,S"]
[Result "0-1"]
[WhiteElo "2027"]
[BlackElo "2190"]

1.d4 d5 2.Nf3 Nf6 3.c4 c6 4.e3 e6 5.Nc3 Bd6 6.Qc2 Nbd7 7.c5 Bc7 8.b4 e5 9.dxe5 Nxe5
10.Nxe5 Bxe5 11.Bb2 O-O 12.Be2 Qe7 13.a3 Re8 14.Rd1 Bg4 15.h3 Bxe2 16.Nxe2 Ne4
17.Bxe5 Qxe5 18.O-O Re6 19.Rd3 Rae8 20.Nd4 Rg6 21.f4 Qh5 22.Rf3 f5 23.a4 Rf8
24.Rd1 Rff6 25.Rc1 Qh4 26.Rcf1 h6 27.Qc1 Kh7 28.b5 Rf7 29.Kh2 Qe7 30.Nb3 Qc7
31.Qc2 Re6 32.Rc1 Ng5 33.Rg3 Ne4 34.Nd4 Re8 35.Rf3 Ng5 36.Rg3 Rxe3 37.Nxf5 Re4
38.fxg5 Rxf5 39.gxh6 Rg5 40.Qf2 Kxh6 41.Rc3 Rxg3 42.Rxg3 Qf4 43.Qb2 d4 44.Qc2 g5  0-1

[Event "XXV Open"]
[Site "Collado Villalba ESP"]
[Date "2008.08.25"]
[Round "4"]
[White "Sanchez Guirado,F"]
[Black "Vazquez Igarza,R"]
[Result "1/2-1/2"]
[WhiteElo "2415"]
[BlackElo "2540"]

1.d4 d5 2.Nf3 Nf6 3.c4 c6 4.e3 e6 5.Nc3 Nbd7 6.Qc2 Bd6 7.e4 dxe4 8.Nxe4 Nxe4
9.Qxe4 Bb4+ 10.Bd2 Bxd2+ 11.Nxd2 O-O 12.O-O-O e5 13.dxe5 Qa5 14.a3 Nxe5 15.Nb3 Qc7
16.f4 Ng4 17.Qf3 Re8 18.Bd3 Ne3 19.Rd2 Bg4 20.Qf2 b5 21.h3 Be6 22.Qxe3 bxc4
23.Nc5 cxd3 24.Nxd3 Bf5 25.Qf2 c5 26.Rhd1 c4 27.Qc5 Qc8 28.Qxc8 Raxc8 29.Nb4 c3
30.bxc3 Rxc3+ 31.Kb2 Rg3 32.Re1 Rb8 33.Re5 g6 34.Rde2 Be6 35.Ra5 Rc8 36.Nd5 Rc4
37.f5 gxf5 38.Nf6+ Kf8 39.Rxa7 Rc6 40.Ra8+ Ke7 41.Nd5+ Kd7 42.Rd2 Bxd5 43.Rxd5+ Ke7
44.Rxf5 Rxg2+ 45.Kb3 Rg3+ 46.Kb4 Rxh3 47.Ra7+ Ke6 48.Raxf7 Rd6  1/2-1/2

[Event "16th Nikea Open"]
[Site "Athens GRE"]
[Date "2008.08.26"]
[Round "2"]
[White "Barbagiannis,P"]
[Black "Sideris,T"]
[Result "1/2-1/2"]
[WhiteElo "1875"]
[BlackElo "2075"]

1.Nf3 d5 2.c4 e6 3.d4 Nf6 4.Nc3 c6 5.e3 Bd6 6.Bd3 Nbd7 7.O-O O-O 8.e4 dxc4
9.Bxc4 e5 10.Bg5 exd4 11.Nxd4 Ne5 12.Be2 h6 13.Bxf6 Qxf6 14.f4 Bc5 15.Kh1 Ng4
16.Bxg4 Qxd4 17.Qf3 Bxg4 18.Qxg4 Rad8 19.f5 Qe5 20.f6 g6 21.Rf5 Qe6 22.Qh3 Bd4
23.Qxh6 Bxf6 24.Rf3 Bg7 25.Qh4  1/2-1/2

[Event "X Sants Open"]
[Site "Barcelona ESP"]
[Date "2008.08.26"]
[Round "5"]
[White "Bensdorp,M"]
[Black "Al Sayed,Mohamad"]
[Result "1/2-1/2"]
[WhiteElo "2284"]
[BlackElo "2470"]

1.d4 d5 2.c4 c6 3.Nf3 Nf6 4.Nc3 e6 5.e3 Nbd7 6.Qc2 Bd6 7.b3 Qe7 8.Be2 O-O
9.O-O b6 10.Bb2 Bb7 11.Rfe1 dxc4 12.bxc4 c5 13.Rad1 a6 14.Ng5 h6 15.Bf3 Bxf3  1/2-1/2

[Event "XIII Konik Morski Open A"]
[Site "Rewal POL"]
[Date "2008.08.26"]
[Round "6"]
[White "Klim,K"]
[Black "Malczyk,Rad"]
[Result "1-0"]
[WhiteElo "2181"]
[BlackElo "2094"]

1.d4 d5 2.c4 c6 3.Nf3 Nf6 4.e3 e6 5.Nc3 Nbd7 6.Qc2 Bd6 7.Bd2 O-O 8.O-O-O dxc4
9.Bxc4 b5 10.Bd3 Bb7 11.e4 e5 12.dxe5 Nxe5 13.Nxe5 Bxe5 14.f4 Bd4 15.e5 Ng4
16.Ne4 Qb6 17.Ng5 g6 18.e6 f5 19.Qb3 Rf6 20.e7+ Kh8 21.Nf7+ Kg7 22.Nd8 Qc5+
23.Bc3 Be3+ 24.Kb1 Qxe7 25.Nxb7 Qxb7 26.h3 Nf2 27.Qe6 Nxd1 28.Qxf6+  1-0

[Event "3rd NH"]
[Site "Amsterdam NED"]
[Date "2008.08.27"]
[Round "7"]
[White "Bareev,E"]
[Black "Stellwagen,D"]
[Result "1-0"]
[WhiteElo "2655"]
[BlackElo "2616"]

1.d4 d5 2.c4 c6 3.Nc3 Nf6 4.e3 e6 5.Nf3 Nbd7 6.Qc2 Bd6 7.g4 h6 8.h3 dxc4
9.e4 e5 10.Bxc4 exd4 11.Nxd4 Ne5 12.Be2 Ng6 13.Be3 Qc7 14.O-O-O Bf4 15.Nf5 O-O
16.h4 Bxf5 17.exf5 Ne7 18.Kb1 Ned5 19.Nxd5 Nxd5 20.Bc4 Rfd8 21.Bxd5 cxd5
22.Qxc7 Bxc7 23.Rd3 Bb6 24.Bxb6 axb6 25.Rhd1 Ra4 26.Rd4 Rxd4 27.Rxd4 Kf8
28.Rb4 Rd6 29.Kc2 Ke7 30.Kd3 Kd7 31.Kd4 Kc6 32.Rb3 Rd8 33.a3 Ra8 34.f6 Ra4+
35.Rb4 Ra8 36.fxg7 Rg8 37.Ke5 Rxg7 38.Kf6 Rh7 39.Rf4 Kd6 40.h5 b5 41.b4  1-0

[Event "X Sants Open"]
[Site "Barcelona ESP"]
[Date "2008.08.27"]
[Round "6"]
[White "Almeida Quintana,O"]
[Black "Sundararajan,K"]
[Result "1/2-1/2"]
[WhiteElo "2524"]
[BlackElo "2446"]

1.d4 d5 2.c4 c6 3.e3 Nf6 4.Nc3 e6 5.Nf3 Nbd7 6.Qc2 Bd6 7.g4 dxc4 8.Bxc4 b5
9.Be2 h6 10.Rg1 Bb7 11.e4 e5 12.h4 b4 13.g5 bxc3 14.gxf6 Qxf6 15.bxc3 O-O
16.Rb1 Rab8 17.Be3 Bc8 18.Rxb8 Bxb8 19.h5 Kh8 20.Nd2 Nb6 21.a4 Be6 22.a5 Nd7
23.Qa4  1/2-1/2

[Event "X Sants Open"]
[Site "Barcelona ESP"]
[Date "2008.08.27"]
[Round "6"]
[White "Sumets,A"]
[Black "Almeida Toledano,D"]
[Result "1-0"]
[WhiteElo "2534"]
[BlackElo "2303"]

1.d4 d5 2.c4 c6 3.Nc3 Nf6 4.e3 e6 5.Nf3 a6 6.Qc2 c5 7.cxd5 exd5 8.Be2 Nc6
9.O-O Be6 10.dxc5 Bxc5 11.Rd1 Qe7 12.a3 Rc8 13.b4 Ba7 14.b5 axb5 15.Qb2 O-O
16.Nxb5 Bc5 17.Bd2 Ne4 18.Be1 Ra8 19.a4 Rfc8 20.Rdc1 b6 21.Bd1 Na5 22.Bxa5 bxa5
23.Bb3 Bb4 24.Qa2 Rc5 25.Rxc5 Qxc5 26.Rd1 Rd8 27.Nfd4 Nf6 28.h3 Bd7 29.Qe2 Be8
30.Qf3 Ne4 31.Qf5 g6 32.Qe5 Nd2 33.Nc7 Nc4 34.Qf4 Bc3 35.Nde6 fxe6 36.Nxe6 Qb4
37.Bxc4 Rd7 38.Bxd5 Qxf4 39.Nxf4+ Kg7 40.Rc1 Be5 41.Bc6 Re7 42.Nd5  1-0

[Event "X Sants Open"]
[Site "Barcelona ESP"]
[Date "2008.08.27"]
[Round "6"]
[White "Hernandez,I PER"]
[Black "Alsina Leal,D"]
[Result "1/2-1/2"]
[WhiteElo "2344"]
[BlackElo "2517"]

1.d4 d5 2.c4 c6 3.Nf3 Nf6 4.Nc3 e6 5.e3 Nbd7 6.Qc2 Bd6 7.e4 dxe4 8.Nxe4 Nxe4
9.Qxe4 Bb4+ 10.Bd2 Bxd2+ 11.Nxd2 c5 12.dxc5 Qa5 13.Be2 Qxc5 14.O-O Nf6 15.Qc2 O-O
16.Rad1 Qc7 17.Ne4 Nxe4 18.Qxe4 Bd7 19.Qe3 Bc6 20.Rd2 a5 21.b3 e5 22.Rfd1 f5
23.c5 f4 24.Bc4+ Kh8 25.Qh3 e4 26.Rd6 Qe7 27.Bd5 e3 28.Bxc6 bxc6 29.Qf3 Rae8
30.h3 Qe5 31.Rxc6 Qb2 32.Rcd6 Qxa2 33.R6d3 Qc2 34.c6 h6 35.Rd7 Qxb3 36.c7 Qc2
37.Qg4 Qc3 38.fxe3 fxe3 39.Qd4 Qxd4 40.R7xd4 Kh7 41.Re1 e2 42.Rd2 Rc8 43.Rd5 a4
44.Rd4 a3 45.Ra4 Rxc7 46.Rxa3 Re7 47.Ra2 Rfe8 48.Kf2 Rf8+ 49.Kg1 Rfe8  1/2-1/2

[Event "X Sants Open"]
[Site "Barcelona ESP"]
[Date "2008.08.27"]
[Round "6"]
[White "Lafuente,P"]
[Black "Salgado Lopez,I"]
[Result "1/2-1/2"]
[WhiteElo "2505"]
[BlackElo "2532"]

1.d4 d5 2.c4 c6 3.Nf3 Nf6 4.Nc3 e6 5.e3 Nbd7 6.Qc2 Bd6 7.Bd3 O-O 8.O-O dxc4
9.Bxc4 a6 10.Rd1 b5 11.Be2 Qc7 12.e4 e5 13.h3 Re8 14.a3 Bb7 15.dxe5 Nxe5
16.Bg5 Nxf3+ 17.Bxf3 Be5 18.Bxf6 gxf6 19.Rac1 Rad8 20.Nd5 cxd5 21.Qxc7 Bxc7
22.Rxc7 dxe4 23.Rxd8 Rxd8 24.Rxb7 exf3  1/2-1/2

[Event "XXV Open"]
[Site "Collado Villalba ESP"]
[Date "2008.08.27"]
[Round "6"]
[White "Sanchez Guirado,F"]
[Black "Rodriguez Lopez,Ra"]
[Result "1-0"]
[WhiteElo "2415"]
[BlackElo "2312"]

1.d4 d5 2.Nf3 e6 3.c4 Nf6 4.Nc3 c6 5.e3 Nbd7 6.Qc2 Bd6 7.e4 Nxe4 8.Nxe4 dxe4
9.Qxe4 Bb4+ 10.Bd2 Bxd2+ 11.Nxd2 O-O 12.O-O-O c5 13.Nb3 Nf6 14.Qe5 cxd4 15.Rxd4 Qe7
16.Be2 b6 17.Rhd1 Bb7 18.g4 Rfd8 19.g5 Ne8 20.h4 g6 21.h5 Rxd4 22.Rxd4 Ng7
23.hxg6 hxg6 24.Rh4 Rd8 25.Qh2 f5 26.gxf6 Qxf6 27.Rh8+ Kf7 28.Qc7+  1-0

[Event "XLII Open"]
[Site "Mislata ESP"]
[Date "2008.08.27"]
[Round "4"]
[White "Varley,P"]
[Black "Coves Tomas,B"]
[Result "1/2-1/2"]
[WhiteElo "2254"]
[BlackElo "1942"]

1.d4 d5 2.c4 c6 3.e3 Nf6 4.Nc3 e6 5.Nf3 Bd6 6.Bd3 dxc4 7.Bxc4 b5 8.Bd3 b4
9.Na4 Ba6 10.e4 Bxd3 11.Qxd3 Be7 12.O-O Qa5 13.b3 Qb5 14.Qc2 Nbd7 15.Bb2 O-O
16.Rac1 Rac8 17.Nc5 Nxc5 18.dxc5 Rfd8 19.Nd4 Qb8 20.Qe2 Qf4 21.f3 Nd7 22.Kh1 Bxc5
23.Rc4 Bxd4 24.Bxd4 c5 25.Be3 Qf6 26.Rd1 h6 27.h3 Qe7 28.Qc2 a5 29.Bxc5 Nxc5
30.Rxd8+ Qxd8 31.Rxc5 Rxc5 32.Qxc5  1/2-1/2

[Event "XIII Konik Morski Open A"]
[Site "Rewal POL"]
[Date "2008.08.27"]
[Round "7"]
[White "Zierke,O"]
[Black "Baturo,T"]
[Result "1-0"]
[WhiteElo "2327"]
[BlackElo "2059"]

1.d4 d5 2.c4 e6 3.Nc3 c6 4.Nf3 Nf6 5.e3 Nbd7 6.Qc2 Bd6 7.b3 O-O 8.Be2 e5
9.cxd5 cxd5 10.Nb5 Bb4+ 11.Bd2 Bxd2+ 12.Nxd2 a6 13.dxe5 Nxe5 14.Nd4 Bd7 15.O-O Rc8
16.Qb2 Qe7 17.Rac1 Ne4 18.Rxc8 Rxc8 19.Rc1 Rxc1+ 20.Qxc1 Nxd2 21.Qxd2 Qc5
22.h3 h6 23.Qc2 Qxc2 24.Nxc2 Nc6 25.Bd3 Ne5 26.Ne1 Nxd3 27.Nxd3 Kf8 28.Nb4 Be6
29.Kf1 Ke7 30.Ke2 Kd6 31.Kd2 Bd7 32.h4 g6 33.Kc3 Be6 34.Kd4 g5 35.g3 f6 36.a3 Bf7
37.Na2 Bg8 38.b4 Bf7 39.Nc3 Be6 40.a4 Bf7 41.a5 Be6 42.e4 dxe4 43.Nxe4+ Kc6
44.Nxf6 Kb5 45.Kc3 gxh4 46.gxh4 Kc6 47.Kd4 Kb5 48.Kc3 Kc6 49.f4 Kb5 50.Ne4 Kc6
51.Kd4 Kb5 52.f5 Bxf5 53.Nd6+ Kxb4 54.Nxf5 Kxa5 55.Kc3 b5 56.Nxh6 b4+ 57.Kb3 Kb5
58.Nf5 a5 59.Nd4+ Kc5 60.h5  1-0

[Event "XIII Konik Morski Open A"]
[Site "Rewal POL"]
[Date "2008.08.27"]
[Round "7"]
[White "Budrewicz,K"]
[Black "Przybylski,W"]
[Result "1/2-1/2"]
[WhiteElo "2333"]
[BlackElo "2363"]

1.d4 d5 2.Nf3 Nf6 3.c4 c6 4.Nc3 e6 5.e3 Nbd7 6.Qc2 Bd6 7.g4 dxc4 8.Bxc4 e5
9.g5 Nd5 10.Bd2 O-O 11.Ne4 Bc7 12.Rg1 exd4 13.Nxd4 Ne5 14.Be2 Bb6 15.O-O-O Ng6
16.Be1 Qe7 17.a3 Re8 18.Bd3 Ne5 19.Be2 Ng6 20.Bd3 Ne5 21.Be2 Ng6 22.Bd3 Ne5
23.Be2 Ng6 24.Bd3 Ne5 25.Be2 Ng6 26.Bd3  1/2-1/2

[Event "1st Dragon Capital Vietnam Open"]
[Site "Vung Tau VIE"]
[Date "2008.08.27"]
[Round "2"]
[White "Le Kieu Thien Kim"]
[Black "Pham Thi Ngoc Tu"]
[Result "1/2-1/2"]
[WhiteElo "2286"]
[BlackElo "2065"]

1.d4 d5 2.Nf3 Nf6 3.c4 e6 4.Nc3 c6 5.e3 Nbd7 6.Bd3 dxc4 7.Bxc4 b5 8.Bb3 Bb7
9.O-O Be7 10.Qe2 b4 11.Na4 Qa5 12.Rd1 c5 13.Nxc5 Nxc5 14.dxc5 Bxc5 15.Bd2 O-O
16.Be1 Qb6 17.Nd2 a5 18.Rac1 Rac8 19.Kh1 h6 20.e4 Rfd8 21.f4 Ba6 22.Bc4 Bxc4
23.Nxc4 Qa6 24.Rxd8+ Rxd8 25.Bh4 Be7 26.Qe1 Rd4 27.Bxf6 Bxf6 28.b3 Qa8 29.e5 Be7
30.Qf1 g6 31.h3 Qe4 32.Nxa5 Rd2 33.Nc4 Rxa2 34.Re1 Qc2 35.Qf3 Qc3 36.Qxc3 bxc3
37.Rc1 Bb4 38.Kh2  1/2-1/2

[Event "16th Nikea Open"]
[Site "Athens GRE"]
[Date "2008.08.28"]
[Round "4"]
[White "Grigoriadis,A"]
[Black "Kaforos,D"]
[Result "1-0"]
[WhiteElo "2417"]
[BlackElo "2173"]

1.c4 c6 2.d4 d5 3.Nf3 Nf6 4.Nc3 e6 5.e3 Nbd7 6.Bd3 dxc4 7.Bxc4 b5 8.Bb3 a6
9.O-O Bb7 10.Qe2 c5 11.Rd1 Qc7 12.e4 cxd4 13.Nxd4 b4 14.Nd5 exd5 15.exd5+ Qe5
16.Qxe5+ Nxe5 17.Re1 Nd7 18.Nc6 f6 19.f4 Bc5+ 20.Be3 Bd6 21.fxe5 fxe5 22.Bd4 Bxc6
23.dxc6 Kd8 24.cxd7 exd4 25.Ba4 Bf4 26.Re8+ Kc7 27.g3 Be3+ 28.Kg2 Rf8 29.Rf1 Rg8
30.Rf5 Rd8 31.Rc5+  1-0

[Event "X Sants Open"]
[Site "Barcelona ESP"]
[Date "2008.08.28"]
[Round "7"]
[White "Rodshtein,M"]
[Black "Guliyev,N"]
[Result "1/2-1/2"]
[WhiteElo "2605"]
[BlackElo "2510"]

1.c4 c6 2.Nf3 d5 3.e3 Nf6 4.Nc3 e6 5.d4 Nbd7 6.Bd3 dxc4 7.Bxc4 b5 8.Bd3 Bb7
9.O-O Bd6 10.a3 O-O 11.Qc2 a5 12.Bd2 b4 13.axb4 axb4 14.Ne4 Nxe4 15.Bxe4 Nf6
16.Bd3 c5 17.dxc5 Rc8 18.Bxb4 Bxf3 19.gxf3 Nd5 20.Ba3 Qg5+ 21.Kh1 Qh5 22.f4 Qf3+
23.Kg1 Qg4+ 24.Kh1 Qf3+  1/2-1/2

[Event "TCh-MNE Premier"]
[Site "Herceg Novi MNE"]
[Date "2008.08.28"]
[Round "4"]
[White "Djukanovic,S"]
[Black "Kalezic,B"]
[Result "0-1"]
[WhiteElo "2296"]
[BlackElo "2429"]

1.d4 d5 2.c4 c6 3.e3 Nf6 4.Nc3 e6 5.Nf3 Nbd7 6.Bd3 dxc4 7.Bxc4 b5 8.Bd3 Bd6
9.O-O Bb7 10.e4 e5 11.Bc2 O-O 12.Bg5 Re8 13.Re1 h6 14.Bh4 a6 15.a3 Rc8 16.Qd2 c5
17.dxc5 Bxc5 18.Bb3 Qb6 19.Rad1 Bf8 20.Bxf6 Nxf6 21.Nd5 Nxd5 22.Bxd5 b4 23.Bxb7 Qxb7
24.Re3 bxa3 25.bxa3 Bc5 26.Rc3 Qxe4 27.Qc1 Qe2 28.Kh1 Bf8 29.Rxc8 Rxc8 30.Qa1 e4  0-1

[Event "2nd Open"]
[Site "Urumia IRI"]
[Date "2008.08.28"]
[Round "4"]
[White "Ashtiani,M"]
[Black "Nasri,A"]
[Result "1/2-1/2"]
[WhiteElo "2088"]
[BlackElo "2356"]

1.c4 e6 2.Nc3 d5 3.d4 c6 4.e3 Nf6 5.Nf3 Nbd7 6.cxd5 exd5 7.Bd3 Bd6 8.O-O O-O
9.Qc2 h6 10.Rb1 a5 11.a3 Re8 12.Re1 Re7 13.Nh4 Re8 14.Nf3 Kh8 15.e4 dxe4
16.Nxe4 Nxe4 17.Rxe4 Rxe4 18.Bxe4 Nf6 19.Bd3 Qc7 20.h3 Be6 21.Bd2 Nd5 22.Re1 Nf4
23.Bc4 Bxc4 24.Qxc4 Nd5 25.Ne5 Kg8 26.Qd3 Re8 27.Qf5 Re6 28.Nc4 Rxe1+ 29.Bxe1 b6
30.Bd2 Bf8 31.Ne5 Bd6 32.Nc4 Bf8  1/2-1/2

[Event "8th Open"]
[Site "Velika Gorica CRO"]
[Date "2008.08.28"]
[Round "7"]
[White "Martinovic,Sa"]
[Black "Jelecevic,I"]
[Result "1-0"]
[WhiteElo "2395"]
[BlackElo "2235"]

1.d4 d5 2.c4 c6 3.Nc3 Nf6 4.e3 e6 5.Nf3 Nbd7 6.Qc2 a6 7.b3 b5 8.Bd3 Bd6 9.O-O b4
10.Ne2 O-O 11.Bb2 h6 12.Ne5 c5 13.Nxd7 Nxd7 14.cxd5 exd5 15.Bh7+ Kh8 16.Bf5 Bb7
17.Bxd7 Qxd7 18.dxc5 Rac8 19.Bxg7+ Kxg7 20.Qb2+ Kh7 21.cxd6 Qxd6 22.Rfd1 Rg8
23.Nf4 d4 24.Qxd4 Qc6 25.Nd5 Rcd8 26.e4 Qe6 27.g3 f5 28.Rac1 Rg7 29.Nf6+ Kg6
30.Qxd8  1-0

[Event "1st Dragon Capital Vietnam Open"]
[Site "Vung Tau VIE"]
[Date "2008.08.28"]
[Round "3"]
[White "San Thit Lwin"]
[Black "Nguyen Van Hai"]
[Result "0-1"]
[WhiteElo "2450"]
[BlackElo "2232"]

1.d4 d5 2.c4 c6 3.Nc3 e6 4.e3 Nf6 5.Nf3 Nbd7 6.Bd3 dxc4 7.Bxc4 b5 8.Bd3 Bb7
9.e4 b4 10.Na4 c5 11.e5 Nd5 12.dxc5 Nxc5 13.Bb5+ Nd7 14.Bg5 Qa5 15.Bxd7+ Kxd7
16.O-O Be7 17.b3 Ba6 18.Re1 h6 19.Bd2 Rhd8 20.a3 Ke8 21.Nd4 Nc3 22.Qg4 Qd5
23.Nxc3 Qxd4 24.Ne4 Bb7 25.Bxb4 Bxb4 26.axb4 Kf8 27.h3 Qxb4 28.Nd6 Qxg4 29.hxg4 Bd5
30.b4 f6 31.f4 a6 32.Rec1 Rdb8 33.Rab1 fxe5 34.fxe5 Ra7 35.Kf2 Kg8 36.Kg3 Kh7
37.Rc5 Kg6 38.Rb2 Kg5 39.Nf5 Rd7 40.Nd4 Rb6 41.Nf3+ Kg6 42.Nh4+ Kh7 43.Rc8 Bb7
44.Rb8 Rd4 45.b5 g5 46.Nf3 Rd7 47.Rd2 Rxd2 48.Nxd2 Rxb5 49.Nc4 Bd5 50.Rxb5 axb5
51.Nb2 b4 52.Kf2 b3 53.g3 Kg6 54.Ke3 h5 55.gxh5+ Kxh5 56.Nd3 Kg4 57.Kf2 Bc4
58.Nb2 Bb5 59.Nd1 Kf5 60.Nc3 Bc4 61.Nd1 Ke4 62.Nb2 Kd4 63.g4 Kc3 64.Na4+ Kc2  0-1

[Event "3rd NH"]
[Site "Amsterdam NED"]
[Date "2008.08.29"]
[Round "9"]
[White "Ljubojevic,L"]
[Black "Caruana,F"]
[Result "1-0"]
[WhiteElo "2555"]
[BlackElo "2630"]

1.d4 d5 2.c4 c6 3.Nf3 Nf6 4.Nc3 e6 5.e3 a6 6.b3 Bb4 7.Bd2 Nbd7 8.Bd3 O-O
9.O-O Bd6 10.Rc1 Re8 11.h3 e5 12.dxe5 Nxe5 13.Nxe5 Rxe5 14.cxd5 Nxd5 15.e4 Nxc3
16.Bxc3 Rg5 17.Qf3 Be6 18.Rcd1 Qe7 19.Rd2 Be5 20.Bxe5 Rxe5 21.Rfd1 Rd8 22.Qe3 g6
23.f4 Rc5 24.Qf2 a5 25.f5 Bc8 26.Bc4 Rxd2 27.Qxd2 b5 28.Qd8+ Qxd8 29.Rxd8+ Kg7
30.Bd3 Bb7 31.Rb8 Ba6 32.Kf2 a4 33.Ra8 axb3 34.axb3 Bb7 35.Ra7 Bc8 36.Rc7 Ba6
37.b4 Rc3 38.Ke3 gxf5 39.exf5 h5 40.h4 Kf6 41.Kd4 Rc1 42.g3 Kg7 43.Ke5 Re1+
44.Be4 Rf1 45.Bxc6 Rc1 46.Kd6 Rf1 47.Be4 Kf6 48.Bd5 Rxf5 49.Rxf7+ Kg6 50.Rxf5 Kxf5
51.Kc7  1-0

[Event "X Sants Open"]
[Site "Barcelona ESP"]
[Date "2008.08.29"]
[Round "8"]
[White "Beinoras,M"]
[Black "Cuartas Medina,J"]
[Result "1-0"]
[WhiteElo "2426"]
[BlackElo "2302"]

1.d4 d5 2.c4 c6 3.Nc3 Nf6 4.Nf3 e6 5.e3 Nbd7 6.Qc2 Bd6 7.b3 O-O 8.Be2 e5
9.cxd5 cxd5 10.dxe5 Nxe5 11.O-O a6 12.Bb2 Be6 13.Rac1 Rc8 14.Qb1 Qa5 15.Rfd1 Nxf3+
16.Bxf3 Ba3 17.Ne2 Bxb2 18.Qxb2 Rxc1 19.Rxc1 Rc8 20.Rxc8+ Bxc8 21.Qc3 Qxc3
22.Nxc3 Be6 23.Kf1 Kf8 24.Ke2 Ke7 25.Kd3 Kd6 26.Kd4 g5 27.e4 g4 28.e5+ Kc6
29.exf6 gxf3 30.gxf3 b5 31.b4 Kd6 32.f4 Bg4 33.Nxd5 Bf3 34.Ne3 Ke6 35.Kc5 Kxf6
36.Kb6 Kg6 37.Kxa6 Be2 38.Nc2 Kh5 39.Nd4 Bc4 40.Nxb5 Bxa2 41.Nd6 Kg4 42.f5 Kf4
43.Kb6 Ke5 44.Kc5 Bd5 45.Nc4+  1-0

[Event "XLII Open"]
[Site "Mislata ESP"]
[Date "2008.08.29"]
[Round "6"]
[White "Varley,P"]
[Black "Nieto Tornero,J"]
[Result "1-0"]
[WhiteElo "2254"]
[BlackElo "1928"]

1.d4 d5 2.c4 c6 3.e3 Nf6 4.Nc3 e6 5.Nf3 Nbd7 6.Bd3 dxc4 7.Bxc4 b5 8.Bd3 Bb7
9.O-O a6 10.e4 c5 11.d5 Qc7 12.dxe6 fxe6 13.Qe2 c4 14.Bc2 Bd6 15.Re1 e5 16.Ng5 Nc5
17.Nd5 Nxd5 18.exd5 Bxd5 19.Qh5+ Kd7 20.Be3 g6 21.Qh3+ Be6 22.Nxe6 Nxe6 23.Rad1 Rae8
24.Rd5 Ke7 25.f4 Kf7 26.fxe5 Bxe5 27.Red1 Rd8 28.Rxd8 Rxd8 29.Qxh7+ Ng7 30.Qxg6+ Kg8
31.Qh7+ Kf7 32.Rf1+ Ke8 33.Qg6+  1-0

[Event "1st Dragon Capital Vietnam Open"]
[Site "Vung Tau VIE"]
[Date "2008.08.29"]
[Round "5"]
[White "Phyo Chit"]
[Black "Nguyen Van Hai"]
[Result "1/2-1/2"]
[WhiteElo "2500"]
[BlackElo "2232"]

1.Nf3 Nf6 2.c4 c6 3.Nc3 d5 4.e3 e6 5.d4 Nbd7 6.Bd3 dxc4 7.Bxc4 b5 8.Bd3 Bb7
9.O-O a6 10.e4 c5 11.d5 c4 12.dxe6 fxe6 13.Bc2 Be7 14.e5 Bxf3 15.Qxf3 Nxe5
16.Qe2 Nc6 17.Be3 O-O 18.a4 Nb4 19.Bb1 Nbd5 20.Bg5 Qb6 21.axb5 Nxc3 22.bxc3 axb5
23.Rxa8 Rxa8 24.Bxf6 Bxf6 25.Bxh7+ Kf7 26.Rb1  1/2-1/2